Name Birds Quiz 10 (Hard) - Statistics

General Stats
  • This quiz has been taken 6 times
  • The average score is 5 of 10
Answer Stats
Picture Answer % Correct
Cape Cormorant
60%
Green Wood-Hoopoe
60%
Ivory-Billed Woodpecker
60%
Knysna Turaco
60%
Resplendent Quetzal
60%
Takahe
60%
Spanish Imperial Eagle
40%
Vampire Finch
40%
Black Scrub-Robin
20%
Nanday Conure
20%
No matching quizzes found
Score Distribution
Percent of People with Each Score
Percentile by Number Answered
Your Score History
You have not taken this quiz